[Event "DEN-ch Kort 2 B"]
[Site "Skorping"]
[Date "2014.04.17"]
[Round "2"]
[White "Sorensen, Svend Aage"]
[Black "Thomsen, Jorgen Kirch"]
[Result "1/2-1/2"]
[WhiteElo "1141"]
[BlackElo "1437"]
[PlyCount "138"]
[EventDate "2014.04.17"]
[EventType "swiss"]
[EventRounds "5"]
[EventCountry "DEN"]
[SourceTitle "EXT 2023"]
[Source "ChessBase"]
[SourceDate "2022.10.05"]
[SourceVersion "1"]
[SourceVersionDate "2022.10.05"]
[SourceQuality "1"]

1. d4 d5 2. c4 e6 3. a3 Nf6 4. Bg5 Be7 5. Bxf6 Bxf6 6. e3 0-0 7. Nf3 Nc6 8. Be2 dxc4 9. Bxc4 e5 10. d5 e4 11. Nfd2 Na5 12. Ra2 Bf5 13. 0-0 Nxc4 14. Nxc4 c6 15. dxc6 Qxd1 16. Rxd1 bxc6 17. b4 Be6 18. Rc1 Rad8 19. h3 Rd3 20. Nbd2 Bd5 21. Rac2 Rd8 22. a4 h6 23. g3 g5 24. Na5 Bg7 25. Nb7 Rb8 26. Nc5 Rxb4 27. Nxd3 exd3 28. Rc5 Rxa4 29. e4 Bxe4 30. Nxe4 Rxe4 31. Rd1 Rd4 32. Rxc6 Rd7 33. Kg2 a5 34. Rd2 a4 35. Rc1 a3 36. Rcd1 Kh7 37. Rxd3 Rxd3 38. Rxd3 a2 39. Ra3 a1Q 40. Rxa1 Bxa1 41. g4 Kg6 42. Kf3 Kf6 43. Ke4 Ke6 44. f4 gxf4 45. Kxf4 Kf6 46. h4 Ke6 47. h5 Bf6 48. Ke4 Bg5 49. Kd4 f5 50. gxf5+ Kxf5 51. Kd3 Kg4 52. Ke2 Kxh5 53. Kf3 Kh4 54. Kg2 h5 55. Kh2 Bf4+ 56. Kg2 Kg4 57. Kh1 Kh3 58. Kg1 Kg3 59. Kh1 h4 60. Kg1 Kf3 61. Kh1 h3 62. Kg1 Bg3 63. Kh1 Be1 64. Kg1 Kg3 65. Kh1 Ba5 66. Kg1 Bc7 67. Kh1 Kf3 68. Kg1 Kg3 69. Kh1 h2 1/2-1/2

[Event "DEN-ch Kort 2-2"]
[Site "Helsingor"]
[Date "2013.03.28"]
[Round "1"]
[White "Krojgaard, Soren"]
[Black "Sorensen, Svend Aage"]
[Result "0-1"]
[WhiteElo "1542"]
[BlackElo "1388"]
[PlyCount "66"]
[EventDate "2013.03.28"]
[EventType "swiss"]
[EventRounds "5"]
[EventCountry "DEN"]
[SourceTitle "EXT 2023"]
[Source "ChessBase"]
[SourceDate "2022.10.05"]
[SourceVersion "1"]
[SourceVersionDate "2022.10.05"]
[SourceQuality "1"]

1. e4 c5 2. f4 d6 3. Nf3 Bg4 4. h3 Bxf3 5. Qxf3 e6 6. Bb5+ Nc6 7. c4 Qb6 8. Nc3 0-0-0 9. Bxc6 Qxc6 10. a4 Nf6 11. d3 a6 12. a5 Re8 13. 0-0 g6 14. Be3 Nd7 15. d4 Bg7 16. d5 Qc7 17. Bd2 f5 18. dxe6 Rxe6 19. Nd5 Qd8 20. exf5 gxf5 21. Bc3 Rg8 22. Bxg7 Rxg7 23. b4 Re4 24. bxc5 Nxc5 25. Rfb1 Kb8 26. Nb6 Qf6 27. Ra2 Qd4+ 28. Kh1 Rxf4 29. Qh5 Qe4 30. Qd1 Nd3 31. Kh2 Qe5 32. g3 Rf2+ 33. Rxf2 Qxg3+ 0-1